Die böhmische Brüder-Unität und der reformierte Typus der Reformation im östlichen Europa

Titel: Die böhmische Brüder-Unität und der reformierte Typus der Reformation im östlichen Europa
Verfasser:
In: Comenius-Jahrbuch, Band 16-17 (2008/2009), Seite 11-23
alle Artikel anzeigen
Veröffentlicht: 2008-2009 [2010]
Format: Aufsatz
Sprache: Deutsch
Kein Bild verfügbar
X
alg: 39267307
001A    $01999:11-11-16 
001B    $06050:02-02-26 $t06:39:14.000 
001C    $06050:19-11-16 $t09:38:04.000 
001D    $01999:11-11-16 
001U    $0utf8 
001X    $00 
002@    $0Aox 
003@    $039267307X 
007A    $039267307X $aHEB 
007T    $0Herdc0096165m 
010@    $ager 
011@    $a2008 $b2009 $n2008-2009 [2010] 
021A    $aDie @böhmische Brüder-Unität und der reformierte Typus der Reformation im östlichen Europa 
028A    $#Bahlcke, J. $7122489845 $8Bahlcke, Joachim$Z1963- [Tp3] $9153644141 
031A    $d16-17 $h11-23 $j2008/2009 
039B    $aIn $8--Abvc--. Comenius-Jahrbuch. - Baden-Baden : Academia Verlag, 1993-. - ISSN 0945-313X $x200800000160000989 $9048643025 
045F    $a200.94371 $eDDC23BSB 
045F/01 $a200.9 
045F/03 $g4371 
045T    $a1 $a5,3 
045T    $aTHEO $qDE-21 $2FID 

lok: 39267307 78

exp: 39267307 78 1 #EPN
201B/01 $026-11-17 $t01:13:07.000 
201U/01 $0utf8 
203@/01 $0788772406 
208@/01 $a11-11-16 $be 
209A/01 $a/ $f000 $x00 
220C/01 $aTitelaufnehmer: pg 
220C/01 $aHerkunft: HI Marburg 
220C/01 $aAnmerkung: *NG 
244Z/01 $#Tschechien $#Tschechische Republik $#Tschechien $#Tschechische Republik $#Tschechenland $#Tschechei Tschechien $#Česká Republika $#Czech Republic $#ČR $74303381-7 $8--Tg1--Tschechien $x01 $9086659812 
244Z/01 $2Trx $#Böhmen $#Bohemia $#Czechy $8--Trx--Čechy $x02 $9391188941 
244Z/01 $2Trx $#Vennaste kirik, evangeelne $#Evangelikų brolių bažnyčia Moravija $#Church, Moravian $#metodista templom $#gminy Braci Morawskich $#Jednota bratská $#Jednota bratrská, obnovená ochranovská $#Herrnhuter $#Brüdergemeine $#Brüderunität $#ochranovskí bratia $#ochranovští bratří $8--Trx--Brüderkirche, Evangelische $x03 $939138063X 
244Z/01 $2Trx $8--Trx--Zeitschriftenaufsatz $x04 $9391384341 
245Z/01 $a10.02.02.02 $x01 
247C/01 $82080>Marburg/Lahn, Herder-Institut, Forschungsbibliothek, Bibliographieportal $9336309341
LEADER 00000caa a22000002c 4500
001 39267307X
003 DE-603
005 20260202063914.0
007 tu
008 161111s20082009xx |||| | u00||u|ger c
035 |a (DE-599)HEB39267307X 
040 |a DE-603  |b ger  |c DE-603  |d DE-603 
041 |a ger 
082 0 4 |8 1\u  |a 200.94371  |q DE-101  |2 23/BSB 
084 |a 1  |a 5,3  |2 ssgn 
084 |a THEO  |q DE-21  |2 fid 
085 |8 1\u  |b 200.9 
085 |8 1\u  |z 2  |s 4371 
100 1 |a Bahlcke, Joachim  |d 1963-  |0 (DE-603)153644141  |0 (DE-588)122489845  |2 gnd 
245 0 0 |a ˜Dieœ böhmische Brüder-Unität und der reformierte Typus der Reformation im östlichen Europa 
264 0 |c 2008-2009 [2010] 
773 0 8 |i In  |t Comenius-Jahrbuch  |d Baden-Baden : Academia Verlag, 1993-  |x 0945-313X  |g Band 16-17 (2008/2009), Seite 11-23  |w (DE-603)048643025  |w (DE-600)1180744-1 
924 0 |9 2080  |a (DE-603)788772406  |b DE-2080  |c HES  |d d  |g /